|
|
|
|
| LEADER |
00000nam0a2200000 4500 |
| 001 |
312725 |
| 005 |
20231102002519.0 |
| 035 |
|
|
|a (RuTPU)RU\TPU\book\338095
|
| 090 |
|
|
|a 312725
|
| 100 |
|
|
|a 20151225d1981 k y0rusy50 ca
|
| 101 |
0 |
|
|a rus
|
| 102 |
|
|
|a RU
|
| 105 |
|
|
|a a z 001zy
|
| 200 |
1 |
|
|a Минералого-геохимические особенности рудных месторождений Восточной и Южной Якутии
|e сборник научных трудов
|f Академия наук СССР (АН СССР), Сибирское отделение (СО), Якутский филиал (ЯФ), Институт геологии ; под ред. Г. Н. Гамянина
|
| 210 |
|
|
|a Якутск
|c Изд-во Якутсого филиала СО АН СССР
|d 1981
|
| 215 |
|
|
|a 121 с.
|c ил.
|
| 320 |
|
|
|a Библиография в конце статей
|
| 606 |
1 |
|
|a Рудные месторождения
|x Минералогия
|2 stltpush
|3 (RuTPU)RU\TPU\subj\25950
|9 49982
|
| 610 |
1 |
|
|a геохимические особенности
|
| 610 |
1 |
|
|a Восточная Якутия
|
| 610 |
1 |
|
|a Южная Якутия
|
| 610 |
1 |
|
|a оловорудные месторождения
|
| 610 |
1 |
|
|a золоторудная минерализация
|
| 610 |
1 |
|
|a полиметаллические месторождения
|
| 610 |
1 |
|
|a генезис
|
| 610 |
1 |
|
|a эндогенная зональность
|
| 675 |
|
|
|a 553.3/.4:549
|v 4
|
| 702 |
|
1 |
|a Гамянин
|b Г. Н.
|4 340
|
| 712 |
0 |
2 |
|a Академия наук СССР (АН СССР)
|b Сибирское отделение (СО)
|b Якутский филиал (ЯФ)
|b Институт геологии
|c (Якутск)
|2 stltpush
|3 (RuTPU)RU\TPU\col\8181
|
| 801 |
|
1 |
|a RU
|b 63413507
|c 20151225
|
| 801 |
|
2 |
|a RU
|b 63413507
|c 20181002
|g RCR
|
| 942 |
|
|
|c BK
|